Stolice - Statystyki

Ogólne statystyki
  • Ten quiz został rozwiązany 10 razy
    6 od ostatniego zresetowania
  • Średni wynik to 77 z 200
Statystyki odpowiedzi
Państwo Stolica % Poprawnych
Wielka Brytania Londyn
100%
Austria Wiedeń
100%
Chorwacja Zagrzeb
100%
Holandia (konstytucyjna) Amsterdam
83%
Turcja Ankara
83%
Grecja Ateny
83%
Niemcy Berlin
83%
Słowacja Bratysława
83%
Belgia Bruksela
83%
Węgry Budapeszt
83%
Australia Canberra
83%
Irlandia Dublin
83%
Finlandia Helsinki
83%
Izrael Jerozolima
83%
Egipt Kair
83%
Dania Kopenhaga
83%
Portugalia Lizbona
83%
Luksemburg Luksemburg
83%
Hiszpania Madryt
83%
Meksyk Meksyk
83%
Białoruś Mińsk
83%
Monako Monako
83%
Norwegia Oslo
83%
Francja Paryż
83%
Chiny Pekin
83%
Korea Północna Pjongjang
83%
Czechy Praga
83%
Islandia Reykjavik
83%
Łotwa Ryga
83%
Włochy Rzym
83%
San Marino San Marino
83%
Korea Południowa Seul
83%
Singapur Singapur
83%
Bułgaria Sofia
83%
Szwecja Sztokholm
83%
Estonia Tallinn
83%
Gruzja Tbilisi
83%
Japonia Tokio
83%
Liechtenstein Vaduz
83%
Polska Warszawa
83%
Stany Zjednoczone Waszyngton
83%
Litwa Wilno
83%
Madagaskar Antananarywa
67%
Kazachstan Astana
67%
Irak Bagdad
67%
Azerbejdżan Baku
67%
Tajlandia Bangkok
67%
Liban Bejrut
67%
Serbia Belgrad
67%
Szwajcaria Berno
67%
Kolumbia Bogota
67%
Brazylia Brasilia
67%
Argentyna Buenos Aires
67%
Rumunia Bukareszt
67%
Syria Damaszek
67%
Indonezja Dżakarta
67%
Armenia Erywań
67%
Holandia (administracyjna) Haga
67%
Wietnam Hanoi
67%
Kuba Hawana
67%
RPA (siedziba władzy ustawodawczej) Kapsztad
67%
Mołdawia Kiszyniów
67%
Słowenia Lublana
67%
Malediwy Male
67%
Rosja Moskwa
67%
Cypr Nikozja
67%
Indie Nowe Delhi
67%
Kanada Ottawa
67%
Panama Panama
67%
Maroko Rabat
67%
Bośnia i Hercegowina Sarajewo
67%
Tunezja Tunis
67%
Mongolia Ułan Bator
67%
Malta Valletta
67%
Watykan Watykan
67%
Algieria Algier
50%
Andora Andora
50%
Ukraina Kijów
50%
Jamajka Kingston
50%
Saint Vincent i Grenadyny Kingstown
50%
Peru Lima
50%
Filipiny Manila
50%
Kenia Nairobi
50%
Czarnogóra (administracyjna) Podgorica
50%
RPA (siedziba władzy wykonawczej) Pretoria
50%
Arabia Saudyjska Rijad
50%
Chile Santiago
50%
Macedonia Północna Skopje
50%
Albania Tirana
50%
Zjednoczone Emiraty Arabskie Abu Zabi
33%
Etiopia Addis Abeba
33%
Ghana Akra
33%
Jordania Amman
33%
Wenezuela Caracas
33%
Senegal Dakar
33%
Dżibuti Dżibuti
33%
Gwatemala Gwatemala
33%
Afganistan Kabul
33%
Demokratyczna Republika Konga Kinszasa
33%
Malezja Kuala Lumpur
33%
Kuwejt Kuwejt
33%
Somalia Mogadiszu
33%
Haiti Port-au-Prince
33%
Ekwador Quito
33%
Salwador San Salvador
33%
Dominikana Santo Domingo
33%
Uzbekistan Taszkent
33%
Iran Teheran
33%
Libia Trypolis
33%
Nowa Zelandia Wellington
33%
Nigeria Abudża
17%
Erytrea Asmara
17%
Paragwaj Asuncion
17%
Mali Bamako
17%
Brunei Bandar Seri Begawan
17%
Gwinea Bissau Bissau
17%
Kirgistan Biszkek
17%
RPA (siedziba władzy sądowniczej) Bloemfontein
17%
Kongo Brazzaville
17%
Sudan Chartum
17%
Katar Doha
17%
Tadżykistan Duszanbe
17%
Sudan Południowy Dżuba
17%
Sierra Leone Freetown
17%
Pakistan Islamabad
17%
Wybrzeże Kości Słoniowej Jamusukro
17%
Uganda Kampala
17%
Nepal Katmandu
17%
Rwanda Kigali
17%
Boliwia (siedziba rządu) La Paz
17%
Togo Lome
17%
Angola Luanda
17%
Zambia Lusaka
17%
Mozambik Maputo
17%
Oman Maskat
17%
Liberia Monrovia
17%
Urugwaj Montevideo
17%
Bahamy Nassau
17%
Czad Ndżamena
17%
Kambodża Phnom Penh
17%
Papua-Nowa Gwinea Port Moresby
17%
Laos Wientian
17%
Samoa Apia
0%
Turkmenistan Aszchabad
0%
Kiribati Bairiki
0%
Gambia Bandżul
0%
Republika Środkowoafrykańska Bangi
0%
Saint Kitts i Nevis Basseterre
0%
Belize Belmopan
0%
Barbados Bridgetown
0%
Burundi (siedzibia władz) Bużumbura
0%
Saint Lucia Castries
0%
Czarnogóra (siedziba prezydenta) Cetynia
0%
Gwinea Równikowa Ciudad de La Paz
0%
Bangladesz Dhaka
0%
Timor Wschodni Dili
0%
Tanzania Dodoma
0%
Tuvalu Funafuti
0%
Botswana Gaborone
0%
Gujana Georgetown
0%
Burundi (de iure) Gitega
0%
Zimbabwe Harare
0%
Wyspy Salomona Honiara
0%
Kamerun Jaunde
0%
Gwinea Konakry
0%
Gabon Libreville
0%
Malawi Lilongwe
0%
Wyspy Marshalla Majuro
0%
Nikaragua Managua
0%
Bahrajn Manama
0%
Lesotho Maseru
0%
Eswatini Mbabane
0%
Komory Moroni
0%
Mauretania Nawakszut
0%
Mjanma Naypyidaw
0%
Palau Ngerulmud
0%
Niger Niamey
0%
Tonga Nuku'alofa
0%
Mikronezja Palikir
0%
Surinam Paramaribo
0%
Mauritius Port Louis
0%
Trynidad i Tobago Port-of-Spain
0%
Benin Porto-Novo
0%
Vanuatu Port Vila
0%
Republika Zielonego Przylądka Praia
0%
Dominika Roseau
0%
Grenada Saint George's
0%
Antigua i Barbuda Saint John's
0%
Jemen Sana
0%
Kostaryka San Jose
0%
Wyspy Świętego Tomasza i Książęca Sao tome
0%
Sri Lanka Sri Dżajawardanapura Kotte
0%
Boliwia (konstytucyjna) Sucre
0%
Fidżi Suva
0%
Honduras Tegucigalpa
0%
Bhutan Thimphu
0%
Seszele Victoria
0%
Burkina Faso Wagadugu
0%
Namibia Windhuk
0%
Nauru Yaren
0%
Nie znaleziono quizów pasujących do podanych kryteriów
Rozkład punktacji
Procent ludzi z każdym wynikiem
Percentyl według liczby udzielonych odpowiedzi
Twoja historia wyników
Nie rozwiązałeś tego quizu od ostatniego zresetowania